Online Catalogue and eLibrary

The Spectrum of Femininity: (Record no. 1709)

MARC details
000 -LEADER
fixed length control field 00568nam a2200217Ia 4500
005 - DATE AND TIME OF LATEST TRANSACTION
control field 20250213055110.0
008 - FIXED-LENGTH DATA ELEMENTS--GENERAL INFORMATION
fixed length control field 240331s9999 xx 000 0 und d
020 ## - INTERNATIONAL STANDARD BOOK NUMBER
ISBN 8125905073
082 ## - DDC Classification
Item Number - Author Mark THI
DDC Edition Number 4276
Class No. 305.4
100 ## - MAIN ENTRY--PERSONAL NAME
Personal name Thiruchandran, S
245 #4 - TITLE STATEMENT
Title The Spectrum of Femininity:
Remainder of title A Process of Deconstruction
260 ## - PUBLICATION, DISTRIBUTION, ETC.
Place of publication, distribution, etc. New Delhi;
-- Bangalore
Name of publisher, distributor, etc. Vikas Publishing House
Date of publication, distribution, etc. 1998
300 ## - PHYSICAL DESCRIPTION
Extent (e.g. Volumes, Pages etc.) x, 149 p.,
650 ## - SUBJECT ADDED ENTRY--TOPICAL TERM
Topical term or geographic name entry element Feminism
650 ## - SUBJECT ADDED ENTRY--TOPICAL TERM
Topical term or geographic name entry element Women
650 ## - SUBJECT ADDED ENTRY--TOPICAL TERM
Topical term or geographic name entry element Sociopolitical
650 ## - SUBJECT ADDED ENTRY--TOPICAL TERM
Topical term or geographic name entry element Gender
650 ## - SUBJECT ADDED ENTRY--TOPICAL TERM
Topical term or geographic name entry element Ethnicity
650 ## - SUBJECT ADDED ENTRY--TOPICAL TERM
Topical term or geographic name entry element Hinduism
942 ## - Koha item type (Biblio)
Koha item type Books in Stacks (Lending)
Holdings
Lost status Damaged status Collection code Home library Current library Shelving location Date acquired Full call number Accession Number Item type
    Lending WERC Library WERC Library Social Science Cupboard 03/31/2024 305.4 THI 4276 Books in Stacks (Lending)

© WERC Library